00811 2200265 4500001002100000005001500021035002000036650001200056650001600068245013200084264002000216090000900236020002200245008004100267082000800308084001500316250001700331260003600348300003400384700003200418700002600450700002700476700002400503990001800527INLIS00000000000904720230313034926 a0010-0619009047 4aSejarah 4aEnsiklopedi aEnsiklopedia sejarah dan budaya /cTim Kingfisher; alih bahasa, Nino Oktorino, editor, Y. Agustono, Reny Ambarwati, Yersy Wulan T. Lentera Abadi 30.03 a978-979-3535-41-8230313 g 0 ind  a903 aRF 903 ENS aCetakan ke-2 aJakarta :bLentera Abadi,c2009 a8 Jilid :bIlustrasi ;c30 cm0 aNino Oktorinoealihh bahasa1 aAgustono, Y.eeditor0 aReny Ambarwatieeditor0 aYersy Wulaneeditor a012687.024651